Κατάλογος Βιβλιοθηκών Mediterranean College

Χρηματοοικονομική Λογιστική / Βάσει των Ελληνικών Λογιστικών Προτύπων. (Record no. 3359)

MARC details
000 -LEADER
fixed length control field 02714cam a22002054a 4500
005 - ΗΜΕΡΟΜΗΝΙΑ ΚΑΙ ΩΡΑ ΤΕΛΕΥΤΑΙΑΣ ΕΝΗΜΕΡΩΣΗΣ
Πεδίο ελέγχου 20250605164113.0
008 - FIXED-LENGTH DATA ELEMENTS--GENERAL INFORMATION
Πεδίο ελέγχου σταθερού μήκους 250528s ||||||||||||||||||||||||d
035 ## - SYSTEM CONTROL NUMBER
System control number 17965
020 ## - ISBN
ISBN 9786185198046
040 ## - ΠΗΓΗ ΚΑΤΑΛΟΓΟΓΡΑΦΗΣΗΣ
Φορέας πρωτότυπης καταλογογράφησης MC Athens Campus Library
Γλώσσα καταλογογράφησης Ελληνικά, Μοντέρνα (1453-)
Modifying agency MC Athens Campus Library
Κανόνες περιγραφικής καταλογογράφησης AACR2
245 1# - ΤΙΤΛΟΣ ΚΑΙ ΔΗΛΩΣΗ ΥΠΕΥΘΥΝΟΤΗΤΑΣ
Τίτλος Χρηματοοικονομική Λογιστική / Βάσει των Ελληνικών Λογιστικών Προτύπων.
Number of part/section of a work Τόμος Δεύτερος - Τέταρτη Έκδοση
250 ## - EDITION STATEMENT
Edition statement
260 ## - PUBLICATION, DISTRIBUTION, ETC.
Name of publisher, distributor, etc. Διπλογραφία,
Date of publication, distribution, etc. 2015
300 ## - PHYSICAL DESCRIPTION
Extent 592
520 ## - SUMMARY, ETC.
Summary, etc. Λογιστική παγίων - Λογιστική συμμετοχών - Λογιστική αποθεμάτων - Λογιστική απαιτήσεων - Λογιστική ιδίων κεφαλαίων - Λογιστική προβλέψεων και υποχρεώσεων - Λογιστική λογαριασμών τάξεως - Λογιστική ξένου νομίσματος - Λογιστική υποκαταστημάτων - φορολογία και διάθεση κερδών - Λογιστική αναβαλλόμενης φορολογίας - εισαγωγή στις ενοποιημένες οικονομικές καταστάσεις. Η Λογιστική των Επιμέρους Περιουσιακών Στοιχείων, Η Λογιστική των Πάγιων Περουσιακών Στοιχείων, Η Λογιστική των Ενσώματων Ακινητοποιήσεων, Η Λογιστική των Ασώματων Ακινητοποιήσεων, Η Λογιστική των Συμμετοχών και Χρεογράφων, Η Λογιστική των Αποθεμάτων, Απαιτήσεις και Διαθέσιμα, Κεφάλαιο ή Καθαρή Θέση, Διάκριση και Αποτίμηση των Υποχρεώσεων, Μακροπρόθεσμες Υποχρεώσεις, Βραχυπρόθεσμες Υποχρεώσεις, Οργανικά και Ασυνήθη Έξοδα, Οργανικά και Ασυνήθη Έσοδα, Η Λογιστική των Λογαριασμών Τάξεως, Η Λογιστική του Ξένου Νομίσματος, Η Λογιστική Τέλους Χρήσεως, Λογιστικές Εργασίες Τέλους Χρήσεως, Φορολογία και Διάθεση Κερδών των Επιχειρήσεων, Η Λογιστική των Υποκαταστημάτων, Στοιχεία της Λογιστικής των Ομιλών, Ενοποιημένες Οικονομικές Καταστάσεις.
700 1# - ΠΡΟΣΘΕΤΗ ΑΝΑΓΡΑΦΗ--ΦΥΣΙΚΟ ΠΡΟΣΩΠΟ
Personal name Αληφάντης Γεώργιος Στ
9 (RLIN) 4257
942 ## - ADDED ENTRY ELEMENTS (KOHA)
Koha item type Books
Holdings
Τύπος τεκμηρίου Βιβλιοθήκη Τρέχουσα τοποθεσία Barcode Αριθμός εισαγωγής Ημερομηνία απόκτησης Ταξιθετικό σύμβολο Αριθμός αντιτύπου Κατάσταση απόσυρσης Κατάσταση χαμένου Κατάσταση κατεστραμμένου Μη δανεισμός Σύνολο δανεισμών Ημερομηνία τελευταίας εμφάνισης Η τιμή ισχύει από
Books MC Athens Campus Library MC Athens Campus Library 9780000033581 7405 05/06/2025 657 ALI V.2 1           05/06/2025 05/06/2025

MC Athens Campus Library
Πατησίων 94 & Κοδριγκτώνος 13, 104 34
Πελλήνης 8 & Πατησίων 107, 112 51
Τ: +30 210 8899600

MC Thessaloniki Campus Library
Ίωνος Δραγούμη 21, 54625 | Ίωνος Δραγούμη 15, 54625
Τ: +30 2310 287779 – Τ: +30 2314 440300